000 005110000a22001570004500
003 MACL
005 20180227170111.0
008 180227b xxu||||| |||| 00| 0 eng d
040 _cmacl
100 _aअरूण कुमार पाठक
_920093
245 _aसूर्य अक्षय ऊर्जा का स्‍त्रोत
260 _bसाक्षर प्रकाशन
_c2008
350 _a40
650 _aचिल्‍ड्रन
_970865
942 _cHIN
_k741.642/PAT
_2ddc
999 _c41088
_d41088